Open d'Australie: pays avec les têtes de série numéro 1-32 - Statistiques

Statistiques générales
  • Ce quiz a été pris 105 fois
  • Le résultat moyen est 23 sur 29
Statistiques - réponses
hommes femmes total pays % Correct
3 3 Espagne
100%
2 7 9 Etats-Unis
99%
3 3 France
98%
1 1 Japon
97%
3 2 5 Russie
97%
2 2 Italie
94%
1 1 2 Australie
93%
1 1 2 Royaume-Uni
92%
2 1 3 Suisse
92%
2 2 Serbie
89%
1 1 2 Allemagne
87%
3 3 Canada
87%
2 2 Argentine
86%
1 1 Chine
86%
1 1 Pologne
85%
1 1 2 Grèce
82%
1 2 3 Croatie
80%
1 1 2 Belgique
79%
1 1 Autriche
78%
2 2 Ukraine
77%
1 1 Pays-Bas
72%
5 5 Tchèquie
71%
1 1 Roumanie
64%
1 1 Biélorussie
62%
1 1 Bulgarie
62%
1 1 Lettonie
46%
1 1 Estonie
39%
1 1 Kazakhstan
39%
1 1 Géorgie
21%
Aucun quiz correspondant
Distribution des résultats
% des personnes avec chaque résultat
Percentile par nombre de réponses
Votre historique - résultats
Vous n’avez pas pris ce quiz